000 00586nam a2200241Ia 4500
003 OSt
005 20220924151629.0
006 a|||||r|||| 00| 0
007 ta
008 220923b |||||||| |||| 00| 0 tel d
020 _c100
024 _a338470
037 _cTextual
040 _aARTS
_cARTS
_btel
041 _2tel
_atel
082 _aR85, 35M8
100 _aRao Nanduri Ramamohna
_9224624
245 0 _aViswa darsanam
260 _c1988
650 _aPHILOSOPHY
942 _hR85, 35M8
_cTEXL
_2CC
999 _c467214
_d467214